5HLuxD.jpg

KING HENRY VIII SENIOR AND PRIMARY SCHOOL LIBRARY OPAC

12 rounds to glory : (Record no. 445)

000 -LEADER
fixed length control field 01244nam a22003611a 4500
001 - CONTROL NUMBER
control field 017305973
003 - CONTROL NUMBER IDENTIFIER
control field UkOxU
005 - DATE AND TIME OF LATEST TRANSACTION
control field 20190815083742.0
008 - FIXED-LENGTH DATA ELEMENTS--GENERAL INFORMATION
fixed length control field 100706r20102007mau j 000 0beng|d
015 ## - NATIONAL BIBLIOGRAPHY NUMBER
National bibliography number GBB083820
Source bnb
016 7# - NATIONAL BIBLIOGRAPHIC AGENCY CONTROL NUMBER
Record control number 015600518
Source Uk
020 ## - INTERNATIONAL STANDARD BOOK NUMBER
International Standard Book Number 9780763650025 (pbk.) :
020 ## - INTERNATIONAL STANDARD BOOK NUMBER
International Standard Book Number 0763650021 (pbk.) :
035 ## - SYSTEM CONTROL NUMBER
System control number (Uk)015600518
040 ## - CATALOGING SOURCE
Original cataloging agency StDuBDS
Language of cataloging eng
Transcribing agency StDuBDS
Modifying agency Uk
042 ## - AUTHENTICATION CODE
Authentication code ukblsr
082 04 - DEWEY DECIMAL CLASSIFICATION NUMBER
Classification number 921 SMI
Edition number 22
100 1# - MAIN ENTRY--PERSONAL NAME
Personal name Smith, Charles R.,
Titles and words associated with a name Jr.,
Dates associated with a name 1969-
Relator term author
245 10 - TITLE STATEMENT
Title 12 rounds to glory :
Remainder of title the story of Muhammad Ali /
Statement of responsibility, etc. Charles R. Smith ; illustrated by Bryan Collier.
246 ## - VARYING FORM OF TITLE
Title proper/short title Twelve rounds to glory :
Remainder of title the story of Muhammad Ali
260 ## - PUBLICATION, DISTRIBUTION, ETC.
Place of publication, distribution, etc. Somerville, Mass. :
Name of publisher, distributor, etc. Candlewick ;
Place of publication, distribution, etc. London :
Name of publisher, distributor, etc. Walker [distributor],
Date of publication, distribution, etc. 2010.
300 ## - PHYSICAL DESCRIPTION
Extent 80 p. ;
Other physical details ill. ;
Dimensions 28 cm.
336 ## - CONTENT TYPE
Content type term text
Source rdacontent
337 ## - MEDIA TYPE
Media type term unmediated
Source rdamedia
338 ## - CARRIER TYPE
Carrier type term volume
Source rdacarrier
500 ## - GENERAL NOTE
General note Originally published: 2007.
500 ## - GENERAL NOTE
General note Formerly CIP.
Institution to which field applies Uk
600 10 - SUBJECT ADDED ENTRY--PERSONAL NAME
Personal name Ali, Muhammad,
Dates associated with a name 1942-2016
Form subdivision Juvenile literature.
650 #0 - SUBJECT ADDED ENTRY--TOPICAL TERM
Topical term or geographic name entry element Boxers (Sports)
Geographic subdivision United States
Form subdivision Biography
-- Juvenile literature.
700 1# - ADDED ENTRY--PERSONAL NAME
Personal name Collier, Bryan.
Relator term Illustrator
942 ## - ADDED ENTRY ELEMENTS (KOHA)
Source of classification or shelving scheme
Koha item type Books - Non Ficton
Holdings
Withdrawn status Lost status Source of classification or shelving scheme Damaged status Not for loan Collection code Permanent Location Current Location Shelving location Date acquired Full call number Barcode Date last seen Price effective from Koha item type
          Non-Fiction KH8 Senior School Library KH8 Senior School Library Non Fiction 2019-08-15 921 SMI 3KHSL000101225 2019-08-15 2019-08-15 Books - Non Ficton

Powered By KH8 IT Dept